Foro Social Américas /
Gardado en:
| Autor Principal: | |
|---|---|
| Formato: | Texto |
| Materias: | |
| Etiquetas: |
Engadir etiqueta
Sen Etiquetas, Sexa o primeiro en etiquetar este rexistro!
|
MARC
| LEADER | 00000 a a2200000 04500 | ||
|---|---|---|---|
| 001 | 11024 | ||
| 003 | |||
| 040 | |||
| 100 | |a León, Magdalena | ||
| 245 | |a Foro Social Américas / |c Magdalena León | ||
| 650 | |a MOVIMIENTOS SOCIALES | ||
| 650 | |a NEOLIBERALISMO | ||
| 650 | |a ALCA | ||
| 650 | |a IDENTIDAD CULTURAL | ||
| 650 | |a GENERO | ||
| 773 | |g volumen 5, número 15; páginas 271-277 | ||
| 999 | |c 35638 |d 35638 | ||
